Tisseo Linéo 1 ( Toulouse ) - Statistiques

Statistiques générales
  • Ce quiz a été pris 30 fois
  • Le résultat moyen est 19 sur 38
Statistiques - réponses
Commune Correspondences Arret % Correct
Toulouse B, Aéro, L14, 45, 63 Compans Caffarelli
89%
Toulouse A, B, Aéro, Cim, CV, L8, L9, L14, 15, 23 Jean Jaurès
89%
Toulouse B, Aéro, Cim, L14, 15, 23, 29, 39, 45, 70 Jeanne d'Arc
89%
Quint-Fonsegrives 83, 106, 107 Fonsegrives Entiore
78%
Toulouse B, L8, L9 François Verdier
78%
Toulouse L8, L9 Saint Georges
72%
Toulouse 132 Sept Deniers - Salvador Dali
72%
Toulouse L14, 29, 45, 70 Arnaud Bernard
67%
Toulouse L14, 29, 45, 70 Concorde
67%
Toulouse 23, 37, 51 Achiary
61%
Toulouse L8 Place Dupuy
61%
Toulouse Cité de l'Hers
56%
Toulouse Terminus soirée Gymnase de l'Hers
56%
Balma 83, 84, 104, 106 Balma Ribaute
50%
Toulouse 63 Barcelone - Leclerc
50%
Toulouse Collège JP Vernant
50%
Toulouse Pérignon
50%
Toulouse Tilleuls
50%
Balma 83, 106 Aérodrome
44%
Toulouse Aubisque
44%
Quint-Fonsegrives 83, 107 Clinique La Croix du Sud
44%
Toulouse L14, 45, 63 Leclerc
44%
Balma 83, 84, 106 Sainte-Anne
44%
Toulouse Aqueduc
39%
Toulouse Mascard
39%
Toulouse Port Saint-Etienne
39%
Toulouse 70 Soleil d'or
39%
Toulouse 63 Canal de Brienne
33%
Toulouse Deltour
33%
Toulouse L14, 45, 63 Héraclès
33%
Balma 83, 84, 106 Nollet
33%
Toulouse 63 Pont Jumeaux
33%
Toulouse 70 Suisse
28%
Toulouse 70 Cité Madrid
22%
Toulouse 70 Fourmi
22%
Toulouse Lully
22%
Toulouse Nougaro
17%
Toulouse Chemin de Roques
11%
Aucun quiz correspondant
Distribution des résultats
% des personnes avec chaque résultat
Percentile par nombre de réponses
Votre historique - résultats
Vous n’avez pas pris ce quiz